Croatian Olympic Flag Bearers - Statistics

General Stats
  • This quiz has been taken 59 times
    28 since last reset
  • The average score is 9 of 17
Answer Stats
Olympic Games Answer % Correct
2014 Sochi Ivica Kostelić
92%
1998 Nagano Janica Kostelić
92%
2002 Salt Lake City Janica Kostelić
92%
2006 Torino Janica Kostelić
92%
2020 Tokyo Sandra Perković & Josip Glasnović
88%
1992 Barcelona Goran Ivanišević
75%
2008 Beijing Ivano Balić
71%
2010 Vancouver Jakov Fak
58%
2016 Rio de Janeiro Josip Pavić
46%
2018 PyeongChang Natko Zrnčić-Dim
46%
2012 London Venio Losert
33%
2000 Sydney Zoran Primorac
33%
2022 Beijing Zrinka Ljutić & Marko Skender
33%
1996 Atlanta Perica Bukić
29%
2004 Athens Dubravko Šimenc
25%
1994 Lillehammer Vedran Pavlek
25%
1992 Albertville Tomislav Čižmešija
8%
No matching quizzes found
Score Distribution
Percent of People with Each Score
Percentile by Number Answered
Your Score History
You have not taken this quiz since the last reset